000 01100nam a2200265 i 4500
003 DO-SdBNP
005 20250123131622.0
007 ta
008 230426b1991 dr ||||| |||| 00| 0 spa d
040 _bspa
_cBNPHU
_erda
_aDO-SdBNP
_drda
082 4 _222
_aN322p
100 1 _aNavarro, Agustín
_965181
_eautor
245 1 0 _aPropuesta de emergencia para enfrentar el analfabetismo ahora y aquí :
_balgunas pistas /
_cAgustín Navarro; presentación, Rocío Hernández Mella
264 _aSanto Domingo :
_bPlan Educativo,
_c1991
300 _a49 paginas ;
_c21 cm
336 _2rdacontent
_atexto
_btxt
337 _2rdamedia
_asin mediación
_bn
338 _2rdacarrier
_avolumen
_bnc
490 _aPlan Educativo ;
_v12
500 _aAgustín Navarro presenta su ponencia "Propuesta de Emergencia Para Enfrentar el analfabetismo Ahora y aquí : algunas Pistas, elaborado especialmente para motivar la "Sección abierta" de discusión que organiza Plan Educativo.
590 _aInventariado, 2023 / DG
700 1 2 _aHernández Mella, Rocio
_epresentación
_912263
910 _aDG
942 _2ddc
_cLF2
999 _c53360
_d53360